Psychology of adjustment and human relationships
| Main Author: | |
|---|---|
| Format: | Book |
| Published: |
New York :
McGraw-Hill ,
1990
|
| Edition: | 3rd ed |
| Subjects: |
MARC
| LEADER | 00000cam a2200000 7i4500 | ||
|---|---|---|---|
| 001 | 0000004859 | ||
| 002 | 000005240 | ||
| 005 | 20000330.0 | ||
| 020 | |a 0075577380 | ||
| 090 | 0 | 0 | |a 155.24 |b CAL |
| 100 | 1 | |a Calhoun, James F | |
| 245 | 1 | 0 | |a Psychology of adjustment and human relationships |c James F.Calhoun |
| 250 | |a 3rd ed | ||
| 260 | |a New York : |b McGraw-Hill , |c 1990 | ||
| 300 | |a 509p. ; |c 23cm. | ||
| 650 | 0 | 0 | |a Adjustment (Psychology) |
| 999 | |a 037631 |b BUKU |c PINJAMAN |e PERPUSTAKAAN KOMUNITI PETALING JAYA | ||